[Event "RUS-ch Blitz Men 2018"]
[Site "Sochi"]
[Date "2018.10.07"]
[Round "11"]
[White "Bocharov, Dmitry"]
[Black "Ivlev, Aleksey"]
[Result "1-0"]
[WhiteElo "2557"]
[BlackElo "2326"]
[Annotator "TA"]
[PlyCount "57"]
[EventDate "2018.10.07"]
[EventType "swiss"]
[EventCountry "RUS"]
[SourceTitle "playchess.com"]
[Source "ChessBase"]
[SourceQuality "1"]

1. c4 c6 2. Nf3 d5 3. g3 Nf6 4. Bg2 g6 5. Qa4 dxc4 6. Qxc4 Bg7 7. O-O O-O 8. Nc3 Nbd7 9. d4 Nb6 10. Qd3 Be6 11. b3 Nbd5 12. Na4 Bf5 13. Qd1 Nb4 14. Bb2 a5 15. a3 Na6 16. Rc1 Rc8 17. Ne5 Nd7 18. Nd3 b5 19. Nac5 Ndxc5 20. Nxc5 Nxc5 21. Rxc5 Qd6 22. e4 Bd7 23. e5 Qb8 24. Qc2 Qb6 25. Rc1 Bf5 26. Qd2 Bd7 27. Qe3 h5 28. d5 cxd5 29. Rxc8 1-0

[Event "RUS-ch Blitz Men 2018"]
[Site "Sochi"]
[Date "2018.10.07"]
[Round "11"]
[White "Shcherbakov, Ruslan"]
[Black "Maletin, Pavel"]
[Result "1-0"]
[WhiteElo "2516"]
[BlackElo "2586"]
[Annotator "TA"]
[PlyCount "89"]
[EventDate "2018.10.07"]
[EventType "swiss"]
[EventCountry "RUS"]
[SourceTitle "playchess.com"]
[Source "ChessBase"]
[SourceQuality "1"]

1. e4 c5 2. Nf3 d6 3. Bb5+ Nd7 4. d4 cxd4 5. Qxd4 a6 6. Bxd7+ Bxd7 7. Bg5 h6 8. Bh4 Rc8 9. Nc3 Nf6 10. Bxf6 gxf6 11. O-O e6 12. Rad1 Rg8 13. Rfe1 Be7 14. Qd3 Kf8 15. Nd4 Qa5 16. Re3 h5 17. Rg3 Rxg3 18. hxg3 Qg5 19. Nf3 Qc5 20. Qd2 Kg7 21. Ne1 Qg5 22. Qe2 h4 23. Nf3 Qg4 24. gxh4 Kh8 25. Qe3 Kh7 26. g3 Bc6 27. Nd4 Bd7 28. Re1 Rg8 29. Kh2 Bd8 30. Nde2 Bc6 31. f3 Qg7 32. Rg1 b5 33. Nf4 Qh6 34. Qa7 Be8 35. Nxe6 Ba5 36. Nf4 Bxc3 37. bxc3 f5 38. Qe7 fxe4 39. Qxe4+ Kh8 40. Qd4+ Kh7 41. Nd5 Rg6 42. Re1 Bc6 43. Re7 Bxd5 44. Qxd5 Re6 45. Qxe6 1-0

[Event "RUS-ch Blitz Men 2018"]
[Site "Sochi"]
[Date "2018.10.07"]
[Round "11"]
[White "Potapov, Pavel"]
[Black "Taysayev, Timur"]
[Result "1/2-1/2"]
[WhiteElo "2515"]
[BlackElo "2225"]
[Annotator "ChessBase"]
[PlyCount "97"]
[EventDate "2018.10.07"]
[EventType "swiss"]
[EventCountry "RUS"]
[SourceTitle "playchess.com"]
[Source "ChessBase"]
[SourceQuality "1"]

1. e4 c5 2. c3 d5 3. exd5 Nf6 4. Nf3 Nxd5 5. d4 e6 6. dxc5 Bxc5 7. Bd3 Nc6 8. O-O Be7 9. Qe2 Qc7 10. Bc2 Nf6 11. Nbd2 O-O 12. Re1 Rd8 13. Ne4 Nxe4 14. Bxe4 Bd7 15. Bg5 Be8 16. Bxe7 Qxe7 17. Qe3 h6 18. h3 Rd6 19. Bxc6 Bxc6 20. Ne5 b6 21. Rad1 Rad8 22. Rxd6 Rxd6 23. c4 Ba8 24. b3 Qb7 25. Nf3 Qd7 26. Qf4 Bxf3 27. Qxf3 g6 28. Qf4 Kg7 29. h4 f6 30. Qe4 e5 31. h5 Qf7 32. hxg6 Qxg6 33. Qb7+ Qf7 34. Qf3 Qd7 35. Re4 Rd4 36. Re1 Kg6 37. g3 h5 38. Kg2 Qg4 39. Qa8 Qd7 40. Qg8+ Qg7 41. Qe8+ Qf7 42. Qc6 Qd7 43. Qf3 Qf5 44. Qa8 Rd2 45. Qg8+ Kh6 46. Qh8+ Kg6 47. Qg8+ Kh6 48. Qh8+ Kg6 49. Qg8+ 1/2-1/2

[Event "RUS-ch Blitz Men 2018"]
[Site "Sochi"]
[Date "2018.10.07"]
[Round "11"]
[White "Demidov, Mikhail"]
[Black "Sadovsky, Artem"]
[Result "1-0"]
[WhiteElo "2514"]
[BlackElo "2408"]
[Annotator "TA"]
[PlyCount "52"]
[EventDate "2018.10.07"]
[EventType "swiss"]
[EventCountry "RUS"]
[SourceTitle "playchess.com"]
[Source "ChessBase"]
[SourceQuality "1"]

1. Nf3 g6 2. g3 Bg7 3. Bg2 e5 4. O-O e4 5. Ne1 d5 6. c4 c6 7. cxd5 cxd5 8. d3 f5 9. Nc3 Nf6 10. Bg5 Be6 11. dxe4 fxe4 12. Nc2 Nc6 13. Nd4 Nxd4 14. Qxd4 h6 15. Bf4 O-O 16. Be5 Qa5 17. f3 Rac8 18. fxe4 Rc4 19. Qd1 dxe4 20. Bxf6 Bxf6 21. Nxe4 Bd4+ 22. Kh1 Rxf1+ 23. Qxf1 Qe5 24. Rd1 Kg7 25. Nd2 Rc8 26. Nf3 Qa5 1-0

[Event "RUS-ch Blitz Men 2018"]
[Site "Sochi"]
[Date "2018.10.07"]
[Round "11"]
[White "Khanin, Semen"]
[Black "Dilmukhametov, Artur"]
[Result "1-0"]
[WhiteElo "2510"]
[BlackElo "2353"]
[Annotator "RC"]
[PlyCount "79"]
[EventDate "2018.10.07"]
[EventType "swiss"]
[EventCountry "RUS"]
[SourceTitle "playchess.com"]
[Source "ChessBase"]
[SourceQuality "1"]

1. e4 e6 2. d4 d5 3. Nc3 Bb4 4. e5 c5 5. a3 Bxc3+ 6. bxc3 Qa5 7. Bd2 Qa4 8. Qb1 a6 9. Nf3 Nc6 10. Qb3 Qxb3 11. cxb3 Na5 12. Rb1 c4 13. bxc4 Nxc4 14. Bxc4 dxc4 15. a4 b5 16. axb5 axb5 17. O-O Bd7 18. Ra1 Rxa1 19. Rxa1 Bc6 20. Ra7 h6 21. Bc1 b4 22. cxb4 Ne7 23. Nd2 Bd5 24. b5 c3 25. Nb1 c2 26. Nc3 Nc8 27. Rc7 O-O 28. Nxd5 exd5 29. Rxc2 Nb6 30. Rc5 Ra8 31. g3 Ra4 32. Be3 Rb4 33. Kg2 Rb2 34. g4 Nc4 35. Kf3 Nb6 36. h4 Kh7 37. h5 g6 38. hxg6+ fxg6 39. Rc7+ Kg8 40. Bxh6 1-0

[Event "RUS-ch Blitz Men 2018"]
[Site "Sochi"]
[Date "2018.10.07"]
[Round "11"]
[White "Triapishko, Alexandr"]
[Black "Sjugirov, Sanan"]
[Result "1/2-1/2"]
[WhiteElo "2508"]
[BlackElo "2654"]
[Annotator "TA"]
[PlyCount "123"]
[EventDate "2018.10.07"]
[EventType "swiss"]
[EventCountry "RUS"]
[SourceTitle "playchess.com"]
[Source "ChessBase"]
[SourceQuality "1"]

1. Nf3 Nf6 2. d4 e6 3. Bf4 c5 4. e3 cxd4 5. exd4 b6 6. c3 Bb7 7. Nbd2 Be7 8. Bd3 d6 9. O-O Nbd7 10. Re1 h6 11. h3 O-O 12. a4 a6 13. Bh2 Re8 14. Ne4 Nxe4 15. Bxe4 Bxe4 16. Rxe4 Nf6 17. Re2 Qd7 18. Qb3 Qc6 19. Ne1 b5 20. Nd3 Reb8 21. axb5 Rxb5 22. Qa4 d5 23. Ree1 Ne4 24. Bf4 Qc8 25. Ra2 Rb6 26. Rea1 a5 27. Qd1 Rba6 28. f3 Nf6 29. Ne5 Qb7 30. Qd3 a4 31. b4 a3 32. Bd2 Ne8 33. Bc1 Bg5 34. Rxa3 Rxa3 35. Bxa3 Nd6 36. Bb2 f6 37. Rxa8+ Qxa8 38. Nd7 Nc4 39. Qb1 Be3+ 40. Kh1 Kf7 41. Nc5 Qb8 42. Bc1 Qg3 43. Bxe3 Nxe3 44. Qg1 Nf5 45. Nd3 Qc7 46. Qe1 Qc4 47. Nc5 e5 48. dxe5 Qf4 49. exf6 gxf6 50. Qe6+ Kg7 51. Qe1 Kf7 52. Ne6 Qd6 53. Nd4 Nxd4 54. cxd4 Qf4 55. Qf2 Qc1+ 56. Kh2 Qc7+ 57. g3 Qc3 58. b5 Qb4 59. Qe2 Qxd4 60. Qc2 Qb4 61. Qc6 Qd2+ 62. Kg1 1/2-1/2

[Event "RUS-ch Blitz Men 2018"]
[Site "Sochi"]
[Date "2018.10.07"]
[Round "11"]
[White "Gabrielian, Artur"]
[Black "Smirnov, Timofey"]
[Result "1/2-1/2"]
[WhiteElo "2499"]
[BlackElo "2332"]
[Annotator "ChessBase"]
[PlyCount "62"]
[EventDate "2018.10.07"]
[EventType "swiss"]
[EventCountry "RUS"]
[SourceTitle "playchess.com"]
[Source "ChessBase"]
[SourceQuality "1"]

1. e4 c5 2. Nc3 d6 3. d4 cxd4 4. Qxd4 Nf6 5. b3 Nc6 6. Qd2 g6 7. Bb2 Bg7 8. O-O-O O-O 9. f3 a6 10. Nge2 b5 11. Kb1 Bb7 12. h4 h5 13. Nd5 Ne5 14. Nxf6+ Bxf6 15. Nf4 Rc8 16. Be2 Qd7 17. Nd5 Bxd5 18. exd5 Rc5 19. Rc1 Rfc8 20. g3 Qf5 21. f4 Ng4 22. Bxg4 hxg4 23. Bxf6 exf6 24. Rhd1 Rc3 25. Qe1 Rxc2 26. Rxc2 Qxc2+ 27. Ka1 Qc3+ 28. Kb1 Qc2+ 29. Ka1 Qc3+ 30. Kb1 Qc2+ 31. Ka1 Qc3+ 1/2-1/2

[Event "RUS-ch Blitz Men 2018"]
[Site "Sochi"]
[Date "2018.10.07"]
[Round "11"]
[White "Moiseenko, Vadim"]
[Black "Pridorozhni, Aleksei"]
[Result "1-0"]
[WhiteElo "2492"]
[BlackElo "2574"]
[Annotator "ChessBase"]
[PlyCount "153"]
[EventDate "2018.10.07"]
[EventType "swiss"]
[EventCountry "RUS"]
[SourceTitle "playchess.com"]
[Source "ChessBase"]
[SourceQuality "1"]

1. g3 d5 2. Bg2 c6 3. d3 Nf6 4. Nd2 e5 5. e4 dxe4 6. dxe4 Bg4 7. Ngf3 Nbd7 8. h3 Bxf3 9. Qxf3 Qc7 10. O-O Be7 11. a4 O-O 12. Nc4 Rfe8 13. Bd2 Nc5 14. Rfe1 Ne6 15. Ba5 b6 16. Bc3 Nd7 17. Red1 Bc5 18. h4 Nd4 19. Qd3 Rad8 20. Bxd4 exd4 21. f4 Bf8 22. e5 Nc5 23. Qf3 b5 24. axb5 cxb5 25. Na5 d3 26. cxd3 Ne6 27. Nc6 Nd4 28. Nxd4 Rxd4 29. Qc6 Qb8 30. Rac1 Red8 31. Be4 a5 32. Kg2 a4 33. e6 fxe6 34. Qxe6+ Kh8 35. Qf5 g6 36. Qf7 R4d7 37. Qe6 Rd6 38. Qg4 Bg7 39. h5 gxh5 40. Qf5 Rh6 41. Rc6 Rf8 42. Qc5 Rxc6 43. Qxc6 Bxb2 44. Rh1 Qe8 45. Qc5 a3 46. Rxh5 Rf7 47. Qc2 Qg8 48. Rc5 Rf8 49. Rc7 Bg7 50. Ra7 b4 51. Qc5 a2 52. Bd5 Rc8 53. Bxg8 Rxc5 54. Bxa2 Bd4 55. Bc4 Rc8 56. Rb7 Bc3 57. Kf3 h6 58. Kg4 Rc5 59. Kf3 Rc8 60. g4 Rf8 61. Ke4 Bd2 62. f5 Re8+ 63. Be6 Bc3 64. d4 Rd8 65. d5 Rd6 66. Kf4 Rd8 67. Ke4 Rd6 68. f6 Bxf6 69. Rxb4 Kg7 70. Kf5 Be7 71. Rb7 Kf8 72. Rb8+ Rd8 73. Rb7 Ra8 74. Kg6 Bg5 75. Rf7+ Ke8 76. Bd7+ Kd8 77. Rf8+ 1-0

[Event "RUS-ch Blitz Men 2018"]
[Site "Sochi"]
[Date "2018.10.07"]
[Round "11"]
[White "Hasangatin, Ramil"]
[Black "Timofeev, Artyom"]
[Result "0-1"]
[WhiteElo "2485"]
[BlackElo "2580"]
[Annotator "TA"]
[PlyCount "68"]
[EventDate "2018.10.07"]
[EventType "swiss"]
[EventCountry "RUS"]
[SourceTitle "playchess.com"]
[Source "ChessBase"]
[SourceQuality "1"]

1. e4 d6 2. d4 Nf6 3. Nc3 g6 4. Nf3 Bg7 5. h3 O-O 6. Be3 c6 7. a4 Qc7 8. Be2 e5 9. dxe5 dxe5 10. Nd2 Rd8 11. Qc1 Be6 12. Nc4 Nbd7 13. O-O b6 14. Rd1 a6 15. a5 b5 16. Nb6 Rab8 17. Bf3 Bf8 18. Bg5 Be7 19. Nxd7 Rxd7 20. Rxd7 Bxd7 21. Qe3 b4 22. Ne2 c5 23. Bxf6 Bxf6 24. Bg4 Bb5 25. Ng3 Kg7 26. Be2 c4 27. b3 Rc8 28. bxc4 Bxc4 29. Bd3 Bxd3 30. Qxd3 Qxc2 31. Qxa6 b3 32. Qb7 b2 33. Rf1 Rc3 34. a6 Rb3 0-1

[Event "RUS-ch Blitz Men 2018"]
[Site "Sochi"]
[Date "2018.10.07"]
[Round "11"]
[White "Fakhrutdinov, Timur"]
[Black "Iljiushenok, Ilia"]
[Result "1-0"]
[WhiteElo "2472"]
[BlackElo "2539"]
[Annotator "TA"]
[PlyCount "45"]
[EventDate "2018.10.07"]
[EventType "swiss"]
[EventCountry "RUS"]
[SourceTitle "playchess.com"]
[Source "ChessBase"]
[SourceQuality "1"]

1. e4 c5 2. Nf3 e6 3. d4 cxd4 4. Nxd4 Nc6 5. Nc3 Qc7 6. Be3 a6 7. a3 Nf6 8. f4 d6 9. Qf3 Be7 10. O-O-O O-O 11. Nb3 Nd7 12. g4 Nc5 13. Nxc5 dxc5 14. e5 b6 15. Bd3 Bb7 16. Qh3 g6 17. Ne4 Nd4 18. Bxd4 cxd4 19. g5 Rac8 20. Nf6+ Bxf6 21. gxf6 Kh8 22. Rhg1 Rg8 23. Rg3 1-0

[Event "RUS-ch Blitz Men 2018"]
[Site "Sochi"]
[Date "2018.10.07"]
[Round "11"]
[White "Chekhov, Sergei"]
[Black "Kezin, Roman"]
[Result "0-1"]
[WhiteElo "2463"]
[BlackElo "2471"]
[Annotator "TA"]
[PlyCount "64"]
[EventDate "2018.10.07"]
[EventType "swiss"]
[EventCountry "RUS"]
[SourceTitle "playchess.com"]
[Source "ChessBase"]
[SourceQuality "1"]

1. e4 c5 2. d4 cxd4 3. Nf3 Nc6 4. c3 dxc3 5. Nxc3 e6 6. Bc4 a6 7. O-O Nge7 8. Re1 Ng6 9. Nd5 d6 10. Bg5 f6 11. Bd2 exd5 12. exd5+ Nce5 13. Nd4 Be7 14. Bb3 O-O 15. f4 Nd3 16. Rf1 f5 17. Bc3 Nc5 18. Bc2 Ne4 19. Bxe4 fxe4 20. f5 Ne5 21. Qe2 Bf6 22. Qxe4 Bd7 23. Rae1 Rc8 24. Re3 Qb6 25. Kh1 Nc4 26. Rg3 Nd2 27. Bxd2 Qxd4 28. Qe1 Rfe8 29. Qd1 Bb5 30. Rg1 Re2 31. Bc3 Qxd1 32. Bxf6 Re1 0-1

[Event "RUS-ch Blitz Men 2018"]
[Site "Sochi"]
[Date "2018.10.07"]
[Round "11"]
[White "Kozionov, Kirill"]
[Black "Chizhikov, Vladislav"]
[Result "1-0"]
[WhiteElo "2458"]
[BlackElo "2304"]
[Annotator "ChessBase"]
[PlyCount "105"]
[EventDate "2018.10.07"]
[EventType "swiss"]
[EventCountry "RUS"]
[SourceTitle "playchess.com"]
[Source "ChessBase"]
[SourceQuality "1"]

1. d4 d5 2. Nf3 c6 3. c4 Nf6 4. Nc3 e6 5. Bg5 dxc4 6. a4 Qa5 7. Bd2 Bb4 8. e4 c5 9. Bxc4 cxd4 10. Nxd4 O-O 11. Nb3 Qe5 12. f4 Qc7 13. Qe2 e5 14. f5 Nc6 15. O-O a6 16. Kh1 Nd4 17. Nxd4 exd4 18. Nd5 Nxd5 19. Bxd5 Bd6 20. Rac1 Qd8 21. Qh5 Be5 22. Rf3 Qd6 23. Rh3 h6 24. Qg4 Kh7 25. Qh5 Bd7 26. Bxf7 Be8 27. Bxe8 Raxe8 28. Rf1 Rc8 29. Qd1 Rc6 30. Qb3 Rb6 31. Qd3 Rxb2 32. a5 Ra2 33. Rb1 Qc6 34. Rc1 Qb5 35. Qxb5 axb5 36. Bb4 Re8 37. Rd3 Bf6 38. Re1 Rb2 39. Bc5 b4 40. Bxd4 Bxd4 41. Rxd4 b3 42. h3 Re5 43. Rb4 Rxa5 44. Rxb7 Raa2 45. Rg1 Ra4 46. f6 Rxe4 47. Rxg7+ Kh8 48. Rf1 Rbe2 49. f7 Re8 50. fxe8=Q+ Rxe8 51. Rb7 Re3 52. Rf3 Re1+ 53. Kh2 1-0

[Event "RUS-ch Blitz Men 2018"]
[Site "Sochi"]
[Date "2018.10.07"]
[Round "11"]
[White "Oganian, Miran"]
[Black "Kalinin, Michail Borisovich"]
[Result "1-0"]
[WhiteElo "2435"]
[BlackElo "2380"]
[Annotator "NA"]
[PlyCount "108"]
[EventDate "2018.10.07"]
[EventType "swiss"]
[EventCountry "RUS"]
[SourceTitle "playchess.com"]
[Source "ChessBase"]
[SourceQuality "1"]

1. d4 e6 2. c4 d5 3. Nf3 c6 4. Qc2 Nf6 5. g3 Nbd7 6. Bg2 b6 7. O-O Ba6 8. b3 Rc8 9. a4 c5 10. a5 cxd4 11. axb6 Qxb6 12. Qa2 Nb8 13. Bf4 Bd6 14. Qa4+ Ke7 15. Bxd6+ Qxd6 16. cxd5 Bxe2 17. Re1 Bxf3 18. Bxf3 Nxd5 19. Qxa7+ Rc7 20. Qxd4 Nf6 21. Qe3 Nbd7 22. Nd2 Rb8 23. Nc4 Qb4 24. Qf4 Rcc8 25. Re3 Kf8 26. h4 h6 27. g4 Nb6 28. Rc1 Nbd5 29. Bxd5 Nxd5 30. Qe5 Nxe3 31. Qxe3 Qxb3 32. Qf4 Rb4 33. Na5 Rxc1+ 34. Qxc1 Qb1 35. Qxb1 Rxb1+ 36. Kg2 Ke7 37. Nc6+ Kf6 38. Kg3 Rb3+ 39. f3 e5 40. Kf2 Ke6 41. Nd8+ Ke7 42. Nc6+ Kf6 43. Na5 Rb2+ 44. Kg3 Rc2 45. Nb3 Ke6 46. h5 f5 47. gxf5+ Kxf5 48. Na5 Rc3 49. Kf2 Kf4 50. Nb7 Rc2+ 51. Ke1 Kxf3 52. Nd6 e4 53. Nf5 Ra2 54. Nxg7 e3 1-0

[Event "RUS-ch Blitz Men 2018"]
[Site "Sochi"]
[Date "2018.10.07"]
[Round "11"]
[White "Malakhov, Igor"]
[Black "Tsoi, Dmitry"]
[Result "0-1"]
[WhiteElo "2423"]
[BlackElo "2429"]
[Annotator "NA"]
[PlyCount "118"]
[EventDate "2018.10.07"]
[EventType "swiss"]
[EventCountry "RUS"]
[SourceTitle "playchess.com"]
[Source "ChessBase"]
[SourceQuality "1"]

1. e4 e5 2. Nf3 d6 3. d4 exd4 4. Nxd4 Nf6 5. Nc3 Be7 6. g3 Nc6 7. Bg2 Nxd4 8. Qxd4 O-O 9. O-O Bd7 10. Bf4 Bc6 11. Rfe1 Nd7 12. Nd5 Bxd5 13. Qxd5 c6 14. Qb3 Qb6 15. Rad1 Nc5 16. Qa3 Rfd8 17. b4 Ne6 18. Be3 Qc7 19. Qb3 Bf6 20. c3 Qe7 21. h3 g6 22. f4 Bg7 23. a4 Qf6 24. Rd3 Qe7 25. Bf2 Nc7 26. Red1 Qe6 27. Qxe6 Nxe6 28. f5 Nc7 29. Rxd6 Rxd6 30. Rxd6 Bxc3 31. Rd7 Be5 32. Bf1 b5 33. a5 Kf8 34. Bc5+ Kg8 35. Kf2 Na6 36. Bxa7 Rxa7 37. Rxa7 Bd4+ 38. Kf3 Bxa7 39. e5 Nxb4 40. Ke4 gxf5+ 41. Kxf5 Nd5 42. Bd3 Kg7 43. e6 Ne7+ 44. Ke5 Bb8+ 45. Kd4 fxe6 46. Kc5 Ba7+ 47. Kd6 Kf6 48. Bxh7 c5 49. g4 Nd5 50. h4 c4 51. g5+ Kg7 52. Be4 b4 53. h5 Nf4 54. h6+ Kh8 55. Ke5 Bb8+ 56. Kf6 b3 57. g6 Nxg6 58. Kxe6 c3 59. Bd5 c2 0-1

[Event "RUS-ch Blitz Men 2018"]
[Site "Sochi"]
[Date "2018.10.07"]
[Round "11"]
[White "Gochelashvili, David"]
[Black "Drygalov, Sergey"]
[Result "1-0"]
[WhiteElo "2419"]
[BlackElo "2446"]
[Annotator "TA"]
[PlyCount "63"]
[EventDate "2018.10.07"]
[EventType "swiss"]
[EventCountry "RUS"]
[SourceTitle "playchess.com"]
[Source "ChessBase"]
[SourceQuality "1"]

1. e4 c5 2. Nf3 e6 3. c3 Nf6 4. e5 Nd5 5. d4 cxd4 6. cxd4 d6 7. Bc4 Nc6 8. O-O Be7 9. Bd2 dxe5 10. dxe5 Nb6 11. Bb3 O-O 12. Nc3 Na5 13. Bc2 Nbc4 14. Qe2 Nxd2 15. Nxd2 Nc6 16. Qe4 g6 17. Nc4 Qd4 18. Qe2 Qh4 19. g3 Qh6 20. Rfd1 Rd8 21. Rxd8+ Nxd8 22. Rd1 b6 23. Be4 Rb8 24. Nb5 Ba6 25. a4 Bxb5 26. axb5 Rc8 27. b3 Rc7 28. Kg2 Nb7 29. Bc6 Nc5 30. Nd6 Nxb3 31. Qf3 Qf8 32. Qxb3 1-0

[Event "RUS-ch Blitz Men 2018"]
[Site "Sochi"]
[Date "2018.10.07"]
[Round "11"]
[White "Vastrukhin, Oleg"]
[Black "Ponkratov, Pavel"]
[Result "0-1"]
[WhiteElo "2413"]
[BlackElo "2628"]
[Annotator "TA"]
[PlyCount "72"]
[EventDate "2018.10.07"]
[EventType "swiss"]
[EventCountry "RUS"]
[SourceTitle "playchess.com"]
[Source "ChessBase"]
[SourceQuality "1"]

1. g3 d5 2. Nf3 c6 3. Bg2 Bg4 4. Ne5 Bf5 5. d4 Nd7 6. O-O e6 7. c4 Bd6 8. Qb3 Nxe5 9. dxe5 Bxe5 10. Qxb7 Ne7 11. Nc3 Qb8 12. Qxb8+ Rxb8 13. e4 Bxc3 14. exf5 Bxb2 15. Bxb2 Rxb2 16. Rab1 Rb6 17. c5 Rxb1 18. Rxb1 O-O 19. fxe6 fxe6 20. Rb7 Ng6 21. Bh3 e5 22. Bd7 Rf6 23. Rxa7 e4 24. Ra8+ Kf7 25. Be8+ Ke7 26. Bxg6 hxg6 27. Ra7+ Ke6 28. Rxg7 d4 29. a4 d3 30. Rg8 Kd5 31. Re8 Kd4 32. Kf1 Rf5 33. Ke1 Rxc5 34. Rd8+ Kc3 35. Kd1 Rc4 36. Rd6 c5 0-1

[Event "RUS-ch Blitz Men 2018"]
[Site "Sochi"]
[Date "2018.10.07"]
[Round "11"]
[White "Bykov, Oleg"]
[Black "Balashov, Yuri S"]
[Result "0-1"]
[WhiteElo "2411"]
[BlackElo "2429"]
[Annotator "NA"]
[PlyCount "78"]
[EventDate "2018.10.07"]
[EventType "swiss"]
[EventCountry "RUS"]
[SourceTitle "playchess.com"]
[Source "ChessBase"]
[SourceQuality "1"]

1. d4 Nf6 2. c4 e6 3. Nf3 b6 4. g3 Ba6 5. b3 Bb7 6. Bg2 Bb4+ 7. Bd2 a5 8. O-O O-O 9. Bf4 a4 10. a3 axb3 11. Qxb3 Ba5 12. Nc3 Bxc3 13. Qxc3 d6 14. a4 Qd7 15. a5 Ne4 16. Qe1 bxa5 17. Rxa5 Nc6 18. Rxa8 Rxa8 19. Qb1 Na5 20. c5 Bd5 21. cxd6 cxd6 22. h4 h6 23. Qb4 Nc6 24. Qb2 Ra2 25. Qb6 Rxe2 26. Nh2 Ra2 27. Ng4 Nc3 28. Bxh6 f5 29. Bxg7 fxg4 30. Bh6 Nxd4 31. Bxd5 Nde2+ 32. Kh2 Nxd5 33. Qb1 Ra8 34. Qg6+ Kh8 35. Qxg4 Nec3 36. Bg5 Rg8 37. Ra1 Qf7 38. Kg1 Nf6 39. Qd4 Ne2+ 0-1

[Event "RUS-ch Blitz Men 2018"]
[Site "Sochi"]
[Date "2018.10.07"]
[Round "11"]
[White "Truskavetsky, Alexandr"]
[Black "Lobanov, Sergei"]
[Result "1-0"]
[WhiteElo "2393"]
[BlackElo "2539"]
[Annotator "TA"]
[PlyCount "55"]
[EventDate "2018.10.07"]
[EventType "swiss"]
[EventCountry "RUS"]
[SourceTitle "playchess.com"]
[Source "ChessBase"]
[SourceQuality "1"]

1. d4 d5 2. c4 c6 3. Nf3 Nf6 4. e3 Bf5 5. Nc3 e6 6. Nh4 Be4 7. f3 Bg6 8. Nxg6 hxg6 9. g3 Nbd7 10. cxd5 exd5 11. Kf2 Bd6 12. Kg2 Nf8 13. Bd3 Qd7 14. h4 Ne6 15. Rb1 O-O-O 16. b4 g5 17. b5 c5 18. dxc5 Bxc5 19. Na4 Bd6 20. Bb2 gxh4 21. Bf5 Nf4+ 22. exf4 Qxf5 23. Bd4 Kb8 24. Qd2 hxg3 25. Qa5 b6 26. Bxb6 Qc2+ 27. Kxg3 Rd7 28. Rxh8+ 1-0

[Event "RUS-ch Blitz Men 2018"]
[Site "Sochi"]
[Date "2018.10.07"]
[Round "11"]
[White "Tekeyev, Zaur"]
[Black "Belyakov, Bogdan"]
[Result "1-0"]
[WhiteElo "2392"]
[BlackElo "2458"]
[Annotator "ChessBase"]
[PlyCount "89"]
[EventDate "2018.10.07"]
[EventType "swiss"]
[EventCountry "RUS"]
[SourceTitle "playchess.com"]
[Source "ChessBase"]
[SourceQuality "1"]

1. e4 e5 2. Nf3 Nc6 3. Bc4 Bc5 4. d3 Nf6 5. O-O O-O 6. Bg5 h6 7. Bh4 Be7 8. a4 d6 9. Bg3 Bg4 10. h3 Bh5 11. c3 Nh7 12. a5 a6 13. Nbd2 Bg5 14. Qb3 Rb8 15. Rfe1 Kh8 16. Nxg5 Qxg5 17. Nf1 Ne7 18. d4 exd4 19. cxd4 Nc6 20. Qc3 f5 21. f4 Qd8 22. d5 Ne7 23. e5 dxe5 24. Rxe5 Nc8 25. Rae1 Nd6 26. Bd3 Qf6 27. Qxc7 Rbc8 28. Qb6 Nc4 29. Qd4 Nxe5 30. fxe5 Qd8 31. e6 Re8 32. d6 Nf6 33. d7 Qxa5 34. dxc8=Q Rxc8 35. e7 Re8 36. Re5 Qc7 37. Rxf5 Qxe7 38. Re5 Qf8 39. Rxe8 Bxe8 40. Be5 Bc6 41. Ng3 Qe7 42. Nf5 Qf7 43. Nxh6 Qh5 44. Bxf6 Qxh6 45. Qd8+ 1-0

[Event "RUS-ch Blitz Men 2018"]
[Site "Sochi"]
[Date "2018.10.07"]
[Round "11"]
[White "Remizov, Yaroslav"]
[Black "Gutenev, Alexander"]
[Result "1-0"]
[WhiteElo "2315"]
[BlackElo "2456"]
[Annotator "TA"]
[PlyCount "33"]
[EventDate "2018.10.07"]
[EventType "swiss"]
[EventCountry "RUS"]
[SourceTitle "playchess.com"]
[Source "ChessBase"]
[SourceQuality "1"]

1. e4 c5 2. Nf3 Nc6 3. d4 cxd4 4. Nxd4 Nf6 5. Nc3 d6 6. Be3 Ng4 7. Bg5 Qb6 8. Bb5 Bd7 9. O-O h6 10. Be3 a6 11. Nd5 Qd8 12. Nxc6 Bxc6 13. Bb6 Qd7 14. Bxc6 Qxc6 15. Nc7+ Kd7 16. Qxg4+ e6 17. Nxa8 1-0

[Event "RUS-ch Blitz Men 2018"]
[Site "Sochi"]
[Date "2018.10.07"]
[Round "11"]
[White "Inozemtsev, Sergei"]
[Black "Bocharov, Ivan"]
[Result "0-1"]
[WhiteElo "2310"]
[BlackElo "2563"]
[Annotator "ChessBase"]
[PlyCount "180"]
[EventDate "2018.10.07"]
[EventType "swiss"]
[EventCountry "RUS"]
[SourceTitle "playchess.com"]
[Source "ChessBase"]
[SourceQuality "1"]

1. e4 e5 2. Nf3 Nc6 3. Bb5 a6 4. Bxc6 dxc6 5. O-O Bg4 6. h3 h5 7. d3 Qf6 8. Nbd2 Bd6 9. Re1 Be6 10. d4 O-O-O 11. dxe5 Bxe5 12. Nxe5 Qxe5 13. Qe2 Nf6 14. Nf3 Qc5 15. Bg5 Rd7 16. a3 Re8 17. b4 Qc3 18. Qe3 Qxe3 19. Rxe3 Nh7 20. Bf4 f6 21. Ree1 g5 22. Be3 g4 23. hxg4 Bxg4 24. Nd2 Ng5 25. f3 Be6 26. Kf2 Red8 27. Nf1 h4 28. Re2 h3 29. gxh3 Nxh3+ 30. Ke1 Rg8 31. Rd2 Rf7 32. Rh2 Ng5 33. Nd2 b6 34. Ke2 Nh3 35. Rah1 Rh7 36. Kd3 Rgh8 37. Kc3 Ng5 38. Rxh7 Rxh7 39. Rxh7 Nxh7 40. f4 Bg4 41. f5 Kd7 42. Bf4 Bd1 43. Kd3 Nf8 44. c4 Kd8 45. Ke3 Nd7 46. Bg3 c5 47. b5 axb5 48. cxb5 Ba4 49. Nf3 Bxb5 50. Nh4 Bc4 51. Ng6 Bf7 52. Nf4 b5 53. Nd3 Bc4 54. Nb2 Bf1 55. Kf2 Bh3 56. Bf4 c4 57. Nd1 c6 58. Bd6 Ke8 59. Nc3 Kf7 60. Ne2 Bg4 61. Nf4 c3 62. Ke3 c2 63. Kd2 Bf3 64. Ne6 Bxe4 65. Nd4 Ne5 66. Bb4 Nc4+ 67. Kc1 Ne3 68. Bd2 Nxf5 69. Nxc2 Bxc2 70. Kxc2 Ke6 71. Kd3 Ne7 72. Kd4 Kd6 73. Bb4+ Kd7 74. Kc5 Nd5 75. Bd2 f5 76. Kd4 Kd6 77. Bh6 c5+ 78. Kd3 Ke5 79. Bg7+ Ke6 80. Bh8 Nb6 81. Bg7 Kd5 82. Bf8 Nc4 83. Ke2 Nxa3 84. Kf3 Nc4 85. Kf4 Nd6 86. Ke3 b4 87. Kd3 c4+ 88. Kc2 f4 89. Bh6 f3 90. Be3 Ne4 0-1

[Event "RUS-ch Blitz Men 2018"]
[Site "Sochi"]
[Date "2018.10.07"]
[Round "12"]
[White "Artemiev, Vladislav"]
[Black "Alekseenko, Kirill"]
[Result "1-0"]
[WhiteElo "2706"]
[BlackElo "2639"]
[Annotator "TA"]
[PlyCount "95"]
[EventDate "2018.10.07"]
[EventType "swiss"]
[EventCountry "RUS"]
[SourceTitle "playchess.com"]
[Source "ChessBase"]
[SourceQuality "1"]

1. e4 c5 2. Nf3 Nc6 3. Bb5 g6 4. O-O Bg7 5. c3 Nf6 6. Re1 O-O 7. h3 d6 8. d3 Bd7 9. Ba4 Rb8 10. Nbd2 b5 11. Bb3 e5 12. Nf1 Na5 13. Bc2 Re8 14. Bg5 h6 15. Bh4 g5 16. Bg3 b4 17. Ne3 bxc3 18. bxc3 Be6 19. h4 g4 20. Nh2 Qd7 21. Ba4 Nc6 22. Nhxg4 Nxg4 23. Nxg4 f5 24. exf5 Bxf5 25. Qf3 Rbc8 26. Ne3 Be6 27. Nd5 Rf8 28. Bxc6 Rxc6 29. Ne7+ Qxe7 30. Qxc6 Bd7 31. Qc7 Qe6 32. d4 Rc8 33. Qxa7 Bc6 34. dxe5 Qd5 35. f3 dxe5 36. Rad1 Qe6 37. Qa5 Kh7 38. Rd8 Qg6 39. Rxc8 Qxg3 40. Rf1 e4 41. Rxc6 exf3 42. Rxf3 Qe1+ 43. Rf1 Qe3+ 44. Kh1 Qe2 45. Rxh6+ Kxh6 46. Qb6+ Kh5 47. Qxc5+ Kxh4 48. Qf2+ 1-0